Music Quiz

Random Music or Missing Word Quiz
Score 0/48 Timer 04:00
2 Plays Today
% Correct
Go
90.3%
Prince
88.7%
Purple
88.2%
Doves
83.2%
Wolf
81.4%
Hurt
77.7%
Karma
76.2%
Corvette
73.7%
Love
69.7%
Duran Duran
67.6%
The Clash
65.4%
London
64.9%
Culture Club
64.2%
Casbah
62.8%
Dancing
62.2%
Hot
62.1%
Raspberry
61.8%
Chain
59.3%
One
52.6%
Bruce Springsteen
52.4%
Fire
49.8%
Film
49.1%
Van Halen
49%
Glory
42.3%
% Correct
Street
41.3%
Wrong
40.4%
Radio
40.3%
Seven
37.9%
R.E.M.
37.4%
Orange
34.1%
Pretenders
34%
Tumble
33.4%
Hell
28.4%
Moon
27.8%
Hungry
26.1%
Prayer
25%
Wild
24.5%
Poison
23.4%
Tunnel
19.7%
Middle
15.1%
Wait
13.7%
Dirty
13.3%
Blind
13%
Walks
12.7%
Finest
8.7%
Driver
8.5%
City
8.4%
Message
3%
Remove Ads.
Support Sporcle.
Get the best of Sporcle when you Go Orange. This ad-free experience offers more features, more stats, and more fun while also helping to support Sporcle. Thank you for becoming a member.

You're not logged in!

Compare scores with friends on all Sporcle quizzes.
OR
Log In

Sporcle TV

Today on Sporcle TV


Watch our educational content, quiz creation guides, and fun videos on Sporcle TV.

Show Comments

Extras

Top Quizzes Today


Score Distribution

Paid Content

Your Account Isn't Verified!

In order to create a playlist on Sporcle, you need to verify the email address you used during registration. Go to your Sporcle Settings to finish the process.

Report this User

Report this user for behavior that violates our Community Guidelines.

Details: